000 00986nam a2200277Ia 4500
003 OSt
005 20220923211427.0
006 a|||||r|||| 00| 0
007 ta
008 220922b |||||||| |||| 00| 0 hin d
020 _a9788195186716 (hbk)
_c495
024 _a354,169
037 _b314, 29/12/2021, Hans Prakashan
_cTextual
040 _aARTS
_cARTS
_bhin
041 _2hin
_ahin
082 _aO152,2:g(NT), R1
100 _aनरेन्द्र मोहन, ले.
245 0 _aनाटकीय शब्द और रंगमंच
246 _aNāṭakīya shabda aur rangahincha
260 _aनई दिल्ली
_b हंस प्रकाशन
_c2021
300 _a160पृ.
_ccm.
650 _a रंगमंच
_9156320
650 _aहिन्दी कविता
942 _hO152,2:g(NT), R1
_cTEXL
_2CC
999 _c299335
_d299335